[Event "7th LCT 2013"]
[Site "Leiden NED"]
[Date "2013.07.19"]
[Round "7.6"]
[White "Nikolic,Pr"]
[Black "Lecomte,Robin"]
[Result "1-0"]
[WhiteElo "2622"]
[BlackElo "1930"]

1.d4 d5 2.c4 c6 3.Nc3 Nf6 4.e3 e6 5.Nf3 Nbd7 6.Be2 Bd6 7.O-O O-O 8.b3 b6
9.Bb2 Bb7 10.a4 Rc8 11.Qb1 Re8 12.Rd1 a5 13.e4 dxe4 14.Nxe4 Nxe4 15.Qxe4 Nf6
16.Qh4 Nd7 17.Qg4 f5 18.Qh3 Nf6 19.c5 Nd5 20.Bc4 Nf4 21.Qxf5 Nd5 22.Qg4 Bb8
23.Re1 Qf6 24.cxb6 Qf4 25.Qxf4 Bxf4 26.Ba3 Kf7 27.g3 Bh6 28.Bc5 Rcd8 29.b4 Ra8
30.Ne5+ Kg8 31.b5 cxb5 32.Bxb5 Red8 33.Bc6 Rab8 34.Bxb7 Rxb7 35.Nc4  1-0

[Event "7th LCT 2013"]
[Site "Leiden NED"]
[Date "2013.07.20"]
[Round "8.3"]
[White "Hasangatin,R"]
[Black "Nikolic,Pr"]
[Result "1/2-1/2"]
[WhiteElo "2489"]
[BlackElo "2622"]

1.e4 e6 2.d3 d5 3.Qe2 c5 4.g3 dxe4 5.dxe4 b6 6.Nf3 Ne7 7.Bg2 Nec6 8.e5 Ba6
9.c4 Nd7 10.O-O h6 11.h4 Qc7 12.b3 Rd8 13.Bb2 Be7 14.Nbd2 O-O 15.Rfd1 Qb8
16.Bc3 b5 17.Qe4 b4 18.Bb2 Bb7 19.Qe2 a5 20.a4 bxa3 21.Rxa3 Qc7 22.Rda1 Ra8
23.Bc3 Rfb8 24.Ra4 Nb4 25.Ne1 Bxg2 26.Kxg2 Ra6 27.Kg1 Rba8 28.R4a3 Nb6 29.Qe4 a4
30.Nef3 Qc8 31.Rb1 axb3 32.Rxa6 Rxa6 33.Nxb3 Ra3 34.Bd2 Qc6 35.Qxc6 Nxc6
36.Bc1 Ra4 37.Be3 Nxc4 38.Bxc5 Bxc5 39.Nxc5 Ra3 40.Nb3 N4xe5 41.Nxe5 Nxe5
42.Nd4 Rd3 43.Ne2 Rd2 44.Rb8+ Kh7 45.Kf1 g6 46.Ra8 Kg7 47.Ra4 h5 48.Nf4 Ng4
49.Nh3 e5 50.Kg1 Rd7 51.Ng5 Rd1+ 52.Kg2 Rd2 53.Nh3 Kf6 54.Ra7 Kg7 55.Kg1 e4
56.Re7 e3 57.fxe3 Kf8 58.Ra7 Rd1+ 59.Kg2 Nxe3+ 60.Kf3 Ng4 61.Ng5 Rf1+ 62.Kg2 Ne3+
63.Kh2 Kg8 64.Ra2 Kg7 65.Re2 Nf5 66.Kg2 Ra1 67.Rd2 Ra3 68.Nf3 Kf6 69.Kf2 Ne3
70.Ng5 Ng4+ 71.Kg2 Ra7 72.Re2 Rd7 73.Ne4+ Kf5 74.Ng5 f6 75.Nh3 Rc7 76.Nf4 Rc2
77.Rxc2 Ne3+ 78.Kh3 Nxc2 79.Nd5 Ke6 80.Nf4+ Kf7 81.Kg2 Nd4 82.Kf2 Ne6 83.Nd5 Ng7
84.Nf4 g5 85.hxg5 fxg5 86.Ne2 Kf6 87.Kf3 g4+ 88.Kf4 Ne6+ 89.Ke4 Ng5+ 90.Ke3 Ne6
91.Ke4 Nc5+ 92.Ke3 Kf5 93.Nf4 Kg5 94.Ng2 Nb7 95.Nf4 Nd6 96.Ne6+ Kf6 97.Nf4 Nf5+
98.Kf2 Ng7 99.Ke3 Kf5 100.Ng2 Ne6 101.Nh4+ Kf6 102.Ke4 Kg5 103.Ng2 Nc5+ 104.Ke3 Nb7
105.Ke4 Nd6+ 106.Ke3 Kf5 107.Nh4+ Kg5 108.Ng2 Nf5+ 109.Kf2 Kf6 110.Nf4 Ng7
111.Ke3 Kf5 112.Ng2 Kg5 113.Kf2 Nf5 114.Ne1 Nd6 115.Ke3 Kf5 116.Nc2 Ke5 117.Kf2 Ke4
118.Ne1 Kd4 119.Nc2+ Kd3 120.Nb4+ Kd2 121.Nd5 Ne4+ 122.Kg2 Ke1 123.Nf4 Nf6
124.Kg1 Kd1 125.Kf1 Kd2 126.Kf2 Kc3 127.Ke3 Kc4 128.Nxh5 Nxh5 129.Ke4 Nxg3+
130.Kf4 Nf5 131.Kxg4  1/2-1/2

[Event "7th LCT 2013"]
[Site "Leiden NED"]
[Date "2013.07.21"]
[Round "9.3"]
[White "Prohaszka,P2"]
[Black "Nikolic,Pr"]
[Result "0-1"]
[WhiteElo "2554"]
[BlackElo "2622"]

1.d4 Nf6 2.c4 e6 3.g3 Bb4+ 4.Bd2 Bxd2+ 5.Qxd2 O-O 6.Bg2 d5 7.Nf3 c6 8.O-O dxc4
9.Ne5 b5 10.a4 Nd5 11.e4 Nb6 12.a5 N6d7 13.Ng4 e5 14.Ra3 Qe7 15.Nxe5 Nxe5
16.dxe5 Rd8 17.Qc1 Qxe5 18.f4 Qc5+ 19.Kh1 Na6 20.f5 Nb4 21.e5 Qxe5 22.Re3 Qc5
23.f6 Bf5 24.Nc3 Bg6 25.Ne4 Qd4 26.fxg7 Nd3 27.Qd2 Kxg7 28.Ref3 Ne5 29.Qxd4 Rxd4
30.Re3 Ng4 31.Ree1 Re8 32.Nc5 Rxe1 33.Rxe1 Rd2 34.Bxc6 Rxb2 35.Rc1 Ne5 36.Bd5 Rd2  0-1

[Event "TCh-SRB 1st League 2013"]
[Site "Kragujevac SRB"]
[Date "2013.08.24"]
[Round "1.2"]
[White "Georgiev,Ki"]
[Black "Nikolic,Pr"]
[Result "1/2-1/2"]
[WhiteElo "2637"]
[BlackElo "2619"]

1.Nf3 Nf6 2.d4 e6 3.c4 b6 4.g3 Bb4+ 5.Bd2 Bxd2+ 6.Qxd2 Ba6 7.b3 c6 8.Qf4 d5
9.Nbd2 Nbd7 10.e4 dxe4 11.Nxe4 O-O 12.Bg2 Nxe4 13.Qxe4 Bb7 14.O-O Qc7 15.Ne5 Nxe5
16.dxe5 Rad8 17.Rfd1 h6 18.b4 Ba8 19.Qe3 c5 20.Bxa8 Rxd1+ 21.Rxd1 Rxa8 22.bxc5 bxc5
23.Rd6 Rb8 24.Kg2 Rb6 25.Qd3 Rxd6 26.exd6 Qd7 27.h4 a6 28.h5 Kf8 29.Kh2 Ke8
30.Qd2 Qd8 31.Qd1 Qd7 32.a3 Qc6 33.Qg4 Qxd6 34.Qxg7 Qd2 35.Kg2 Qc1 36.Qf6 Qxc4
37.Qxh6 Qe4+ 38.Kg1 Qe1+  1/2-1/2

[Event "TCh-SRB 1st League 2013"]
[Site "Kragujevac SRB"]
[Date "2013.08.25"]
[Round "2.5"]
[White "Nikolic,Pr"]
[Black "Markus,Rob"]
[Result "1/2-1/2"]
[WhiteElo "2619"]
[BlackElo "2622"]

1.d4 Nf6 2.c4 g6 3.g3 Bg7 4.Bg2 O-O 5.Nf3 d6 6.O-O Nbd7 7.Nc3 e5 8.e4 c6
9.b3 Qb6 10.Rb1 exd4 11.Nxd4 Nc5 12.Nde2 Qc7 13.Bf4 Rd8 14.Nd4 Qe7 15.Re1 Ng4
16.Qd2 h6 17.Rbd1 g5 18.Be3 Nxe3 19.Rxe3 a5 20.Qe2 Be5 21.Rd2 Qf6 22.Qd1 Kh8
23.h3 Qg7 24.Kh2 Rg8 25.Nce2 h5 26.Nf5 Bxf5 27.exf5 Qh6 28.Kg1 g4 29.hxg4 hxg4
30.Nc3 Qf6 31.Ne4  1/2-1/2

[Event "TCh-SRB 1st League 2013"]
[Site "Kragujevac SRB"]
[Date "2013.08.26"]
[Round "3.2"]
[White "Grachev,B"]
[Black "Nikolic,Pr"]
[Result "1/2-1/2"]
[WhiteElo "2676"]
[BlackElo "2619"]

1.d4 Nf6 2.c4 e6 3.Nf3 b6 4.e3 d5 5.Bd3 Bd6 6.O-O O-O 7.b3 Bb7 8.cxd5 exd5
9.Ba3 Ne4 10.Bxd6 Qxd6 11.Qc2 Nd7 12.Nc3 Qe7 13.Rac1 Ndf6 14.Qb2 a5 15.Rc2 Rfc8
16.Rfc1 g6 17.h3 Qd8 18.Na4 Nd6 19.Ne5 Nfe4 20.Be2 h5 21.Nc3 Ng5 22.Nb5 Ne6
23.Nc6 Bxc6 24.Rxc6 Nf5 25.a3 Ne7 26.R6c2 c6 27.Nc3 Rc7 28.Na4 Rb8 29.Rc3 Ra7
30.R3c2 Qd6 31.Nc3 Rba8 32.Nb1 Rc7 33.Nd2 c5 34.a4 Rac8 35.Ba6 Ra8 36.Bb5 Rac8
37.Ba6 Ra8 38.Bb5 Rac8  1/2-1/2

[Event "TCh-SRB 1st League 2013"]
[Site "Kragujevac SRB"]
[Date "2013.08.27"]
[Round "4.4"]
[White "Nikolic,Pr"]
[Black "Drazic,S"]
[Result "1-0"]
[WhiteElo "2619"]
[BlackElo "2473"]

1.d4 Nf6 2.Nf3 g6 3.g3 Bg7 4.Bg2 O-O 5.c4 d5 6.O-O dxc4 7.Na3 Nc6 8.Nxc4 Be6
9.b3 Bd5 10.Bb2 a5 11.Ne3 Be4 12.a3 Qc8 13.Nc4 Rd8 14.e3 Bd5 15.Rc1 h6 16.Re1 Ne4
17.Qc2 Ng5 18.Nxg5 hxg5 19.Bxd5 Rxd5 20.e4 Rb5 21.d5 Bxb2 22.Qxb2 Nd8 23.a4 Rb4
24.Qc3 b6 25.Ne5 c5 26.dxc6 Ne6 27.c7 Nc5 28.Nc6 Qxc7 29.Nxb4 axb4 30.Qxb4 Qe5
31.Qxb6 Nd3 32.Qb7 Rf8 33.Qd5 Qxd5 34.exd5 Rb8 35.Rc3 Nxe1 36.Kf1 Nc2 37.Rxc2 Rxb3
38.Ra2 Kf8 39.a5 Ke8 40.a6 Rb8 41.Ke2 Kd7 42.Kd3 Kc7 43.Kd4 Rd8 44.a7 Kb7
45.a8=Q+ Rxa8 46.Rxa8 Kxa8 47.d6 exd6 48.Kd5  1-0

[Event "TCh-SRB 1st League 2013"]
[Site "Kragujevac SRB"]
[Date "2013.08.28"]
[Round "5.4"]
[White "Damljanovic,B"]
[Black "Nikolic,Pr"]
[Result "1/2-1/2"]
[WhiteElo "2559"]
[BlackElo "2619"]

1.c4 e5 2.Nc3 Nf6 3.Nf3 Nc6 4.g3 Nd4 5.Bg2 Nxf3+ 6.Bxf3 Bb4 7.Qb3 Bc5 8.d3 h6
9.O-O O-O 10.Bg2 Re8 11.Bd2  1/2-1/2

[Event "TCh-SRB 1st League 2013"]
[Site "Kragujevac SRB"]
[Date "2013.08.29"]
[Round "6.3"]
[White "Nikolic,Pr"]
[Black "Mastrovasilis,D"]
[Result "1/2-1/2"]
[WhiteElo "2619"]
[BlackElo "2595"]

1.d4 d5 2.c4 c6 3.Nc3 Nf6 4.e3 Bf5 5.cxd5 cxd5 6.Qb3 Bc8 7.Bd3 Nc6 8.Bd2 e6
9.f4 Be7 10.Nf3 O-O 11.O-O Bd7 12.Ne5 Rc8 13.Rac1 Na5 14.Qd1 Nc4 15.Rc2 b5
16.Ne2 Ne4 17.Nxc4 bxc4 18.Bxe4 dxe4 19.Qc1 Qb6 20.Bc3 f5 21.Kh1 h5 22.Qe1 Bc6
23.Nc1 Bd5 24.a3 Kf7 25.Qd2 Rb8 26.Na2 a5 27.Nc1 Ra8 28.Qd1 Rh8 29.Ne2 Qb3
30.Qd2 Qa4 31.Rfc1 Ra7 32.Qe1 Raa8 33.Bd2 Bd8 34.Nc3 Qb3 35.Qe2 Be7 36.Be1 Rh6
37.Kg1 Kg8 38.Nb1 Qb5 39.Nd2 Rb8 40.Kf1 h4 41.Nxc4 Bxc4 42.Rxc4 Qxb2 43.Rc8+ Kh7
44.a4 Qa3 45.R1c3 Rxc8 46.Rxc8 Qxa4 47.Qc2 Qb5+ 48.Qc4 Qb1 49.Qc2 Qb5+ 50.Qc4 Qb1
51.Qc2 Qa1 52.Qc3 Qd1 53.Qc2 Qxc2 54.Rxc2 Bb4 55.Bxb4 axb4 56.Rb2 Kg6  1/2-1/2

[Event "TCh-SRB 1st League 2013"]
[Site "Kragujevac SRB"]
[Date "2013.08.30"]
[Round "7.5"]
[White "Indjic,A"]
[Black "Nikolic,Pr"]
[Result "1/2-1/2"]
[WhiteElo "2549"]
[BlackElo "2619"]

1.d4 d5 2.c4 c6 3.Nc3 Nf6 4.Nf3 dxc4 5.a4 Na6 6.e4 Bg4 7.Bxc4 Bxf3 8.gxf3 Nb4
9.Be3 e6 10.Qe2 Be7 11.Rg1 g6 12.O-O-O Qc7 13.f4 O-O-O 14.Kb1 Kb8 15.Qf3 Ka8
16.Rd2 Rd7 17.Rc1 Qa5 18.Qd1 Rhd8 19.f3 a6 20.Bb3 c5 21.d5 exd5 22.e5 d4
23.exf6 Bd6 24.Bf2 dxc3 25.Rxc3 Qc7 26.Qe2 Bxf4 27.Rxd7 Qxd7 28.Bxc5 Nc6
29.Bb6 Bc7 30.a5 Bxb6 31.axb6 Qd6 32.Bc2 Kb8 33.Ba4 Nb4 34.Qe7 Qxb6 35.Qxf7 Qa5
36.Qe7 Nd5 37.Qe5+ Ka8 38.Rd3 Qxa4 39.Rxd5 Re8 40.f7 Rxe5 41.Rxe5 Qd1+ 42.Ka2 Qa4+  1/2-1/2

[Event "TCh-SRB 1st League 2013"]
[Site "Kragujevac SRB"]
[Date "2013.09.01"]
[Round "9.6"]
[White "Miljkovic,Mir1"]
[Black "Nikolic,Pr"]
[Result "1/2-1/2"]
[WhiteElo "2456"]
[BlackElo "2619"]

1.d4 e6 2.c4 f5 3.Nf3 Nf6 4.g3 d5 5.Bg2 c6 6.O-O Bd6 7.Nc3 O-O 8.Qc2 Qe7
9.Rb1 Nbd7 10.a3 Ne4 11.b4 Nxc3 12.Qxc3 dxc4 13.Ne5 Nxe5 14.dxe5 Bc7 15.Be3  1/2-1/2

[Event "TCh-SRB 1st League 2013"]
[Site "Kragujevac SRB"]
[Date "2013.09.02"]
[Round "10.4"]
[White "Kadric,D"]
[Black "Nikolic,Pr"]
[Result "1/2-1/2"]
[WhiteElo "2458"]
[BlackElo "2619"]

1.e4 e5 2.Nf3 Nc6 3.Bc4 Nf6 4.d3 Be7 5.O-O O-O 6.Re1 d6 7.a4 Na5 8.Ba2 c5
9.c3 Bd7 10.b4 cxb4 11.cxb4 Nc6 12.b5 Na5 13.Nc3 a6 14.Bd2 h6 15.h3 b6 16.Qb1 axb5
17.axb5 Rc8 18.Na4 Nb7 19.Bc4 Qc7 20.Be3 Nc5 21.Nxc5 dxc5 22.Qb2 Bd6 23.Qb3 Qd8
24.Nh4 Nd5 25.Bxd5 Qxh4 26.Ra7 Qd8 27.Rea1 Rb8 28.Ra8 Qe8 29.Rxb8 Bxb8 30.Ra6 Bc7
31.Ra7 Bd8 32.f4 Bh4 33.Bc4 exf4 34.Bxf4 Qd8 35.Qb2 Re8 36.Rb7 Bf6 37.Qb3 Be6
38.Kh2 Qd4 39.Rxb6 Be5 40.Bxe5 Qxe5+ 41.Kg1 Qa1+ 42.Kh2 Qe5+ 43.Kg1 Qd4+
44.Kh2 Qe5+  1/2-1/2

[Event "TCh-SRB 1st League 2013"]
[Site "Kragujevac SRB"]
[Date "2013.09.03"]
[Round "11.6"]
[White "Nikolic,Pr"]
[Black "Sedlak,N"]
[Result "1-0"]
[WhiteElo "2619"]
[BlackElo "2586"]

1.d4 Nf6 2.c4 g6 3.Nf3 Bg7 4.g3 O-O 5.Bg2 d5 6.O-O dxc4 7.Na3 c3 8.bxc3 c5
9.Qb3 Nc6 10.Rd1 Na5 11.Qb2 cxd4 12.cxd4 Be6 13.Bd2 Bd5 14.Be1 Qb6 15.Qb5 Nc4
16.Qxb6 Nxb6 17.Bb4 Ne4 18.e3 Na4 19.Bxe7 Nac3 20.Rd3 Rfe8 21.Bb4 Nxa2 22.Be1 Rac8
23.Ng5 Rc1 24.Bxe4 Rxe4 25.Rxc1 Nxc1 26.Rd1 Ne2+ 27.Kf1 Rg4 28.f4 Bf8 29.Kxe2 Bxa3
30.Nf3  1-0

[Event "TCh-NED Meesterklasse 2013-14"]
[Site "Netherland NED"]
[Date "2013.09.21"]
[Round "1.1"]
[White "Nikolic,Pr"]
[Black "Michiels,B"]
[Result "1/2-1/2"]
[WhiteElo "2619"]
[BlackElo "2505"]

1.d4 d5 2.c4 c6 3.Nc3 Nf6 4.e3 e6 5.Nf3 Nbd7 6.Be2 Bd6 7.O-O O-O 8.b3 b6
9.Bb2 Bb7 10.Qc2 Rc8 11.Rad1 Qe7 12.Rfe1 c5 13.cxd5 cxd4 14.Rxd4 Nxd5 15.Nxd5 Bxd5
16.Qd2 Be5 17.Rg4 f6 18.b4 Bd6 19.a3 Rfd8 20.Rc1 Rxc1+ 21.Qxc1 a5 22.e4 Ba8
23.bxa5 bxa5 24.a4 Bb4 25.Qc7 Nb8 26.Qc4 Nc6 27.h4 h5 28.Rg3 Bd6 29.e5 Nxe5
30.Nxe5 Bxe5 31.Bxe5 fxe5 32.Bxh5 Bd5 33.Qc3 Rb8 34.Bg6 Qxh4 35.Qxe5 Rf8
36.f3 Qh6 37.Qc3 Qh4 38.Rh3 Qg5 39.Bh7+ Kf7 40.Qc7+ Qe7 41.Bg6+ Kf6 42.Qg3 Qb7
43.Kh2 Qb8 44.f4 Ke7 45.Rh4 Rh8 46.Qg5+ Kd7 47.Bh5 Qb2 48.Rh3 Qf6 49.Qg3 Rf8
50.Rh4 Rh8 51.Rh3 Rf8 52.Rh4 Rh8 53.Rh3  1/2-1/2

[Event "Bundesliga 2013-14"]
[Site "Bremen GER"]
[Date "2013.10.12"]
[Round "1"]
[White "Hracek,Z"]
[Black "Nikolic,Pr"]
[Result "1-0"]
[WhiteElo "2636"]
[BlackElo "2620"]

1.e4 e6 2.d4 d5 3.Nc3 Bb4 4.e5 c5 5.Bd2 cxd4 6.Nb5 Bc5 7.b4 Bf8 8.Nxd4 Ne7
9.Ngf3 Nec6 10.a3 Nd7 11.Nxc6 bxc6 12.c4 Be7 13.cxd5 cxd5 14.Bd3 a5 15.O-O O-O
16.Re1 axb4 17.axb4 Bb7 18.Rxa8 Bxa8 19.Qc2 h6 20.Rc1 Nb6 21.Nd4 Qb8 22.Qc7 Qd8
23.b5 Ba3 24.Qxd8 Rxd8 25.Rc7 Rd7 26.Rc2 Bb7 27.Be3 Nc4 28.Bxc4 dxc4 29.Rxc4 Bb2
30.f4 Rd5 31.b6 Bxd4 32.Bxd4 Rb5 33.g4 Bd5 34.Rc8+ Kh7 35.Kf2 Rb3 36.Rd8 Rh3
37.Rd7 Rxh2+ 38.Ke3 Rh3+ 39.Kd2 Be4 40.Be3 Rh2+ 41.Kc3 Rc2+ 42.Kd4 Bf3 43.Rxf7 Rb2
44.Kc3 Rb5 45.f5 exf5 46.e6 fxg4 47.e7 Bc6 48.Bd4 Kg6 49.Rxg7+ Kf5 50.Rf7+ Ke4
51.Rf6  1-0

[Event "Bundesliga 2013-14"]
[Site "Bremen GER"]
[Date "2013.10.13"]
[Round "2"]
[White "Nikolic,Pr"]
[Black "Hansen,SuB"]
[Result "1-0"]
[WhiteElo "2620"]
[BlackElo "2567"]

1.d4 d5 2.c4 c6 3.Nc3 Nf6 4.e3 e6 5.Nf3 Nbd7 6.Be2 b6 7.O-O Bb7 8.b3 Bd6
9.Bb2 O-O 10.Rc1 Qe7 11.Rc2 Rfd8 12.Re1 Ne4 13.Nxe4 dxe4 14.Nd2 c5 15.Bf1 f5
16.g3 cxd4 17.exd4 Bb4 18.Bg2 Nf6 19.Qc1 Rac8 20.a3 Bd6 21.b4 Bb8 22.c5 Bd5
23.Nc4 Qb7 24.Ne5 Bxe5 25.dxe5 bxc5  1-0

[Event "TCh-NED Meesterklasse 2013-14"]
[Site "Netherland NED"]
[Date "2013.11.02"]
[Round "2.1"]
[White "Ernst,S"]
[Black "Nikolic,Pr"]
[Result "1/2-1/2"]
[WhiteElo "2568"]
[BlackElo "2619"]

1.d4 Nf6 2.c4 e6 3.Nc3 Bb4 4.g3 c5 5.Nf3 b6 6.Bg2 Bb7 7.O-O cxd4 8.Qxd4 Nc6
9.Qf4 O-O 10.Rd1 Ne7 11.Bd2 Ng6 12.Qg5 Rc8 13.Nd5 Nxd5 14.Qxd8 Rfxd8 15.cxd5 Bxd2
16.Nxd2 Bxd5 17.Bxd5 exd5 18.Rac1 Ne7 19.Nb1 Rxc1 20.Rxc1 Rc8 21.Rxc8+ Nxc8
22.Nc3 Ne7 23.f3 f6 24.Kf2 Kf7 25.Ke3 Ke6 26.Nb5 Nc6 27.Nc7+ Ke5 28.f4+ Kf5
29.h3 h5 30.Nxd5 g5 31.Kd3 gxf4 32.gxf4 Ke6 33.e4 f5 34.Nc7+ Kf6 35.a3 fxe4+
36.Kxe4 Na5 37.Nb5 a6 38.Nc7 Nc4 39.b3 Nxa3 40.Nxa6 Nb1  1/2-1/2

[Event "TCh-NED Meesterklasse 2013-14"]
[Site "Netherland NED"]
[Date "2013.12.07"]
[Round "3.3"]
[White "Nikolic,Pr"]
[Black "Dambacher,M"]
[Result "1-0"]
[WhiteElo "2619"]
[BlackElo "2493"]

1.d4 Nf6 2.c4 e6 3.Nf3 d5 4.Bg5 Be7 5.e3 h6 6.Bh4 O-O 7.Nc3 b6 8.Rc1 Bb7
9.Bxf6 Bxf6 10.cxd5 exd5 11.Be2 Nd7 12.O-O c5 13.dxc5 Nxc5 14.Rc2 Ne6 15.Nb5 Qe7
16.Nfd4 Nxd4 17.Nxd4 Rfc8 18.Rd2 Rc7 19.a3 g6 20.Qb3 h5 21.Rfd1 Rd7 22.Bf3 Rad8
23.g3 Be5 24.h4 Qf6 25.Bg2 Kg7 26.Nf3 Bc7 27.Ng5 Be5 28.Kh2 Qe7 29.Nf3 Bb8
30.Kg1 Kg8 31.Nd4 Be5 32.Qa4 Qf6 33.b4 a6 34.Qb3 Kh7 35.Nf3 Kg7 36.Ng5 Qc6
37.Rd3 Bf6 38.Nh3 Be5 39.Kh2 Qe6 40.e4 Bd6 41.exd5 Qf6 42.Kg1 Re8 43.Ng5 Rde7
44.Rf3 Qe5 45.Re3 Qf5 46.Qc3+ Kg8 47.Rxe7 Rxe7 48.Qd4 Qc2 49.Bf3 Qc7 50.Ne4 f5
51.Ng5 Qc2 52.Qf6  1-0

[Event "Bundesliga 2013-14"]
[Site "Berlin GER"]
[Date "2013.12.14"]
[Round "5"]
[White "Muse,M"]
[Black "Nikolic,Pr"]
[Result "0-1"]
[WhiteElo "2424"]
[BlackElo "2620"]

1.Nf3 Nf6 2.g3 d5 3.Bg2 c6 4.O-O Bf5 5.d3 e6 6.c4 dxc4 7.dxc4 Qxd1 8.Rxd1 Bc2
9.Rf1 Nbd7 10.Nc3 Bb4 11.Bd2 Nb6 12.Rac1 Bg6 13.a3 Be7 14.Ne5 Rd8 15.Be3 Bh5
16.h3 Nfd7 17.Nxd7 Rxd7 18.g4 Bg6 19.Ne4 h5 20.f4 hxg4 21.hxg4 Bxe4 22.Bxe4 Bf6
23.b3 Bd4 24.Bxd4 Rxd4 25.Bg2 Ke7 26.Rc3 Rhd8 27.Kh2 g5 28.Kg3 gxf4+ 29.Rxf4 a5
30.c5 Nd5 31.Bxd5 R8xd5 32.Rxd4 Rxd4 33.Kf3 Kf6 34.e3 Rd2 35.Kf4 Rf2+ 36.Ke4 Ra2
37.a4 Kg5 38.Ke5 Rd2 39.e4 Kxg4 40.Rc1 Rd3 41.Rf1 f5 42.Kxe6 fxe4 43.Ke5 e3
44.Ke4 e2 45.Re1 Rxb3 46.Rxe2 Rb4+ 47.Kd3 Rxa4 48.Rf2 Rb4 49.Kc3 Kg5 50.Rf1 Kg6
51.Rf2 Rb1 52.Kc4 Kg5 53.Kc3 Kg4 54.Rf8 Rc1+ 55.Kd4 a4 56.Ra8 Ra1 57.Kc3 a3
58.Ra7 Kf5 59.Kc2 a2 60.Kb2 Ke5  0-1

[Event "Bundesliga 2013-14"]
[Site "Berlin GER"]
[Date "2013.12.15"]
[Round "6"]
[White "Nikolic,Pr"]
[Black "Maksimenko,An"]
[Result "1/2-1/2"]
[WhiteElo "2620"]
[BlackElo "2543"]

1.d4 d5 2.c4 c6 3.Nc3 Nf6 4.e3 e6 5.Nf3 Nbd7 6.Be2 Bd6 7.O-O O-O 8.b3 b6
9.Bb2 Bb7 10.Re1 Qe7 11.Bf1 Ne4 12.Nxe4 dxe4 13.Nd2 f5 14.g3 c5 15.Bg2 Nf6
16.f3 exf3 17.Nxf3 Rad8 18.Qe2 Rd7 19.Rad1 Rfd8 20.Rf1 Rf8 21.Ng5 Bxg2 22.Kxg2 Ng4
23.Nh3 Rdd8  1/2-1/2

[Event "Bundesliga 2013-14"]
[Site "Trier GER"]
[Date "2014.02.08"]
[Round "7"]
[White "Abergel,T"]
[Black "Nikolic,Pr"]
[Result "0-1"]
[WhiteElo "2413"]
[BlackElo "2620"]

1.e4 e6 2.d4 d5 3.Nc3 Bb4 4.a3 Bxc3+ 5.bxc3 Ne7 6.e5 b6 7.Qg4 Ng6 8.h4 h5
9.Qg3 Ba6 10.Ne2 Qd7 11.a4 Bc4 12.Qf3 Nc6 13.Ng3 Bxf1 14.Kxf1 O-O-O 15.Nxh5 Rh7
16.Bg5 Rdh8 17.g4 Na5 18.Kg2 Nc4 19.Qd3 a5 20.Kg3 Kb7 21.Ra2 Qe8 22.f4 Ne7
23.Bxe7 Qxe7 24.Qe2 f5 25.exf6 gxf6 26.Re1 Re8 27.f5 Qd6+ 28.Kh3 e5 29.Raa1 Reh8
30.Qf2 Qc6 31.Qg3 e4 32.Re2 Nd6 33.Rf2 Nf7 34.Kg2 e3 35.Qxe3 Nh6 36.Rf4 Nxg4
37.Rxg4 Rxh5 38.Qe6 Qxc3 39.Qxd5+ Ka7 40.Rf1 Rxh4 41.Rxh4 Rxh4 42.Qf3 Qd2+  0-1

[Event "Bundesliga 2013-14"]
[Site "Trier GER"]
[Date "2014.02.09"]
[Round "8"]
[White "Nikolic,Pr"]
[Black "Grabarczyk,M"]
[Result "1-0"]
[WhiteElo "2620"]
[BlackElo "2465"]

1.d4 d5 2.c4 e6 3.Nc3 a6 4.cxd5 exd5 5.g3 Nf6 6.Bg2 c6 7.Nh3 Bb4 8.O-O O-O
9.a3 Bd6 10.Nf4 Re8 11.Qc2 Nbd7 12.Na4 a5 13.Re1 Ra7 14.Nc3 Ra8 15.Bd2 Nb6
16.Rad1 Nc4 17.Bc1 Be7 18.f3 Qb6 19.e4 dxe4 20.Na4 Qa6 21.fxe4 Bg4 22.Rd3 b5
23.Nc3 Rad8 24.h3 Bc8 25.e5 Bf5 26.exf6 Bxd3 27.Qxd3 Bxf6 28.Rxe8+ Rxe8 29.Ne4 Be7
30.Kh2 a4 31.Qf3 Rd8 32.Ne2 Qb6 33.N4c3 Na5 34.Qg4 Qb7 35.Bh6 Bf8 36.Bg5 Re8
37.d5 Qc8 38.Qf3 cxd5 39.Nxd5 Nc4 40.Nd4 Nxb2 41.Nf5 Qc5 42.Bf6 Nc4 43.Bd4 Nd2
44.Nh6+ Kh8 45.Qxf7 Nf1+ 46.Bxf1 Qc2+ 47.Bg2 Qg6 48.Qg8+  1-0

[Event "Bundesliga 2013-14"]
[Site "Solingen GER"]
[Date "2014.02.22"]
[Round "9"]
[White "Naiditsch, Arkadij"]
[Black "Nikolic, Predrag"]
[Result "1-0"]
[WhiteElo "2724"]
[BlackElo "2620"]

1.e4 e6 2.d4 d5 3.Nd2 a6 4.Ngf3 c5 5.c3 cxd4 6.cxd4 dxe4 7.Nxe4 Bb4+ 8.Bd2 Bxd2+
9.Qxd2 Nf6 10.Nxf6+ Qxf6 11.Bd3 Nc6 12.O-O Bd7 13.Rfe1 O-O 14.Re4 Rfd8 15.Rf4 Qe7
16.d5 exd5 17.Re1 Be6 18.Rh4 h6 19.Rxh6 Qb4 20.Qg5 Qg4 21.Bh7+ Kf8 22.Rhxe6 Qxg5
23.Nxg5 fxe6 24.Nxe6+ Kf7 25.Nxd8+ Rxd8 26.Bd3 Kf6 27.f4 Nb4 28.Bb1 d4 29.Rd1 d3
30.a3 Nc2 31.Kf2 g5 32.fxg5+ Kxg5 33.Rd2 Rf8+ 34.Kg3 Ne3 35.h4+ Kh6 36.Rxd3 Rg8+
37.Kh3 Nxg2 38.Rd6+ Kh5 39.Rd5+ Kh6 40.Rg5 Nf4+ 41.Kg4 Nh5 42.Rxg8 Nf6+ 43.Kf5 Nxg8
44.Be4 b6 45.Bf3 Ne7+ 46.Ke6 Ng6 47.h5 Nf4+ 48.Kd6 Nd3 49.b3 b5 50.Be2 Nc1
51.Bd1 Na2 52.Kc5 Nc3 53.Bc2 a5 54.Bd3 a4 55.b4 Kxh5 56.Kd4  1-0

[Event "Bundesliga 2013-14"]
[Site "Solingen GER"]
[Date "2014.02.23"]
[Round "10"]
[White "Nikolic, Predrag"]
[Black "Lenic, Luka"]
[Result "1/2-1/2"]
[WhiteElo "2620"]
[BlackElo "2634"]

1.d4 Nf6 2.c4 e6 3.Nf3 d5 4.Nc3 c5 5.cxd5 Nxd5 6.e4 Nxc3 7.bxc3 cxd4 8.cxd4 Bb4+
9.Bd2 Bxd2+ 10.Qxd2 O-O 11.Bc4 Nd7 12.O-O b6 13.Rfe1 Bb7 14.Rad1 Rc8 15.Bb3 Re8
16.Qf4 Qf6 17.Qg4 Red8 18.d5 exd5 19.e5 Qg6 20.Qf4 Nf8 21.Nh4 Qh5 22.Qg3 d4
23.f4 Bd5 24.Rxd4 Bxb3 25.Rxd8 Rxd8 26.axb3  1/2-1/2

[Event "74th Noteboom Open 2014"]
[Site "Leiden NED"]
[Date "2014.02.28"]
[Round "1.1"]
[White "Nikolic,Pr"]
[Black "Lommen,F"]
[Result "1-0"]
[WhiteElo "2622"]
[BlackElo "2087"]

1.d4 d6 2.Nf3 g6 3.g3 Bg7 4.Bg2 Nd7 5.c4 e5 6.Nc3 Ne7 7.O-O O-O 8.e4 exd4
9.Nxd4 Nc6 10.Nxc6 bxc6 11.Bd2 Ne5 12.Qe2 c5 13.Rae1 Bg4 14.f3 Be6 15.b3 Nc6
16.f4 Nd4 17.Qd1 f5 18.Nd5 fxe4 19.Bxe4 c6 20.Ne3 Qd7 21.Bc3 Rae8 22.Bg2 Ne2+
23.Rxe2 Bxc3 24.Qd3 Bd4 25.Kh1 Re7 26.Rfe1 Rfe8 27.h4 Kg7 28.Kh2 h5 29.f5 Bxf5
30.Nxf5+ gxf5 31.Rxe7+ Rxe7 32.Bxc6 Qd8 33.Rxe7+ Qxe7 34.Qxf5 Qe2+ 35.Kh3 Qe5
36.Qf3 Qe6+ 37.Kg2 Qf6 38.Qxh5 Qf2+ 39.Kh3 Qf1+ 40.Bg2 Qf6 41.Qg4+ Kh6 42.Bf3 Qe5
43.Be4 Qf6 44.Qf5  1-0

[Event "74th Noteboom Open 2014"]
[Site "Leiden NED"]
[Date "2014.03.01"]
[Round "2.1"]
[White "Stirpe,C"]
[Black "Nikolic,Pr"]
[Result "0-1"]
[WhiteElo "2041"]
[BlackElo "2622"]

1.d4 d5 2.c4 dxc4 3.e4 Nf6 4.e5 Nd5 5.Bxc4 Nb6 6.Bb3 Bf5 7.Nc3 e6 8.Nf3 Nc6
9.O-O Qd7 10.d5 exd5 11.Nxd5 Na5 12.Nxb6 axb6 13.e6 fxe6 14.Qxd7+ Kxd7 15.Ba4+ Kc8
16.Bg5 h6 17.Bh4 Nc6 18.Bxc6 bxc6 19.Ne5 g5 20.Bg3 Bg7 21.Rfc1 Kb7 22.Rc4 c5
23.Rac1 Rhd8 24.b4 Rd5 25.Nf3 Bd3 26.Rg4 Bb2 27.Re1 Bc3 28.Rc1 cxb4 29.Ne1 Bf5
30.Rc4 c5 31.Nc2 Bxc2  0-1

[Event "74th Noteboom Open 2014"]
[Site "Leiden NED"]
[Date "2014.03.01"]
[Round "3.1"]
[White "Nikolic,Pr"]
[Black "Vereggen,L"]
[Result "1-0"]
[WhiteElo "2622"]
[BlackElo "2173"]

1.d4 Nf6 2.c4 e6 3.Nf3 b6 4.g3 Bb7 5.Bg2 c5 6.d5 exd5 7.Nh4 g6 8.Nc3 Bg7
9.O-O O-O 10.Bg5 Na6 11.Nxd5 Bxd5 12.Bxd5 Rb8 13.Bg2 b5 14.cxb5 Rxb5 15.Qd2 Qb6
16.b3 d5 17.Rac1 d4 18.e3 h6 19.Bxf6 Bxf6 20.exd4 Bg5 21.f4 Bxh4 22.gxh4 Rd8
23.f5 Rxd4 24.Qe2 Nc7 25.fxg6 Qxg6 26.Rc3 Rg4 27.Kh1 Qg7 28.Rcf3 Rbb4 29.Bh3  1-0

[Event "74th Noteboom Open 2014"]
[Site "Leiden NED"]
[Date "2014.03.01"]
[Round "4.1"]
[White "Nikolic,Pr"]
[Black "Groffen,H"]
[Result "1-0"]
[WhiteElo "2622"]
[BlackElo "2166"]

1.Nf3 d5 2.g3 Nf6 3.Bg2 c6 4.O-O Bg4 5.d3 Nbd7 6.c4 e6 7.cxd5 cxd5 8.h3 Bxf3
9.Bxf3 Ne5 10.Bg2 Nc6 11.Nc3 a6 12.Qb3 b5 13.e4 Nd4 14.Qd1 dxe4 15.dxe4 e5
16.Be3 Bc5 17.Rc1 Qb6 18.Kh1 Rd8 19.Qe1 O-O 20.f4 Nb3 21.Bxc5 Nxc5 22.Qf2 Rd4
23.fxe5 Nd3 24.Qf5 g6 25.Qxf6 Qxf6 26.exf6 Nxc1 27.Rxc1 Rc8 28.a3 Rd2 29.Rb1 a5
30.Bf1 b4 31.axb4 axb4 32.Nd5 Rb8 33.b3 h5 34.Ra1 Rd4 35.Ne7+  1-0

[Event "74th Noteboom Open 2014"]
[Site "Leiden NED"]
[Date "2014.03.02"]
[Round "5.1"]
[White "Tikranian,Alik"]
[Black "Nikolic,Pr"]
[Result "0-1"]
[WhiteElo "1993"]
[BlackElo "2622"]

1.Nf3 d5 2.c4 d4 3.b4 g6 4.Bb2 Bg7 5.g3 e5 6.d3 a5 7.a3 Ne7 8.bxa5 Rxa5 9.Nbd2 O-O
10.Bg2 Bd7 11.O-O Ba4 12.Qe1 Nd7 13.e3 Nc6 14.exd4 exd4 15.Ne4 Ra6 16.g4 f5
17.gxf5 gxf5 18.Ng3 Nc5 19.Nh5 Nxd3 20.Qe6+ Kh8 21.Nxg7 Kxg7 22.Qe2 Nxb2
23.Qxb2 Rb6 24.Qd2 Kh8 25.Rfe1 Qf6 26.Ng5 d3 27.h4 Nd4 28.Qxd3 h6 29.Nf3 Nxf3+
30.Bxf3 Rb3 31.Qd1 Rg8+ 32.Kf1 Qxh4  0-1

[Event "TCh-NED Meesterklasse 2013-14"]
[Site "Netherland NED"]
[Date "2014.03.08"]
[Round "6.1"]
[White "Van Oosterom,C"]
[Black "Nikolic,Pr"]
[Result "1/2-1/2"]
[WhiteElo "2380"]
[BlackElo "2619"]

1.c4 e5 2.g3 Nf6 3.Bg2 c6 4.d4 Bb4+ 5.Bd2 Bxd2+ 6.Qxd2 e4 7.Nc3 d5 8.e3 O-O
9.Nge2 Re8 10.cxd5 cxd5 11.O-O Nc6 12.f3 exf3 13.Rxf3 Bg4 14.Rf2 Na5 15.b3 Rc8
16.Raf1 Rc6 17.Nf4 Rd6 18.h3 Bc8 19.g4 Nc6 20.Nfe2 h6 21.Ng3 a6 22.Rf3 b5
23.Nce2 Rf8 24.R3f2 Nh7 25.Qc2 Ne7 26.Nf4 Ng5 27.Nfh5 Ng6 28.Nf5 Bxf5 29.gxf5 Nh4
30.Rf4 Nxg2 31.Qxg2 g6 32.fxg6 Rxg6 33.Rg4 Kh8 34.Kh1 Ne4 35.Rxf7 Rxg4 36.Rxf8+ Qxf8
37.hxg4 Kh7 38.Kg1 a5 39.Qh2 Qc8 40.Qf4 Qc1+ 41.Kg2 Qd2+ 42.Kh3 Ng5+ 43.Kh4 Qe1+
44.Ng3 Ne4 45.Kh3 Nxg3 46.Qxg3 Qh1+ 47.Qh2 Qf3+ 48.Kh4 Qxe3 49.Qc7+ Kg6 50.Qd6+ Kg7
51.Qxd5 Qf2+ 52.Kh3 Qe3+ 53.Kg2 Qe2+ 54.Kg3 Qe3+ 55.Kg2  1/2-1/2